Survivor Tribe Names - Statistics

General Stats
  • This quiz has been taken 396 times
    122 since last reset
  • The average score is 75 of 168
Answer Stats
Season Tribe Type Tribe Name % Correct
Starting Tribe Pagong
79%
Survivor: Heroes vs. Villains Starting Tribe Heroes
75%
Starting Tribe Villains
75%
Starting Tribe Drake
70%
Starting Tribe Mogo Mogo
70%
Survivor: Pearl Islands Starting Tribe Morgan
70%
Starting Tribe/Merged Tribe Koror
68%
Survivor: Borneo Starting Tribe Tagi
68%
Survivor: Palau Starting Tribe/Dissolved Tribe Ulong
68%
Survivor: All-Stars Starting Tribe Chapera
66%
Survivor: Samoa Starting Tribe Foa Foa
66%
Survivor: Tocantins Starting Tribe Jalapao
66%
Survivor: Philippines Starting Tribe/Dissolved Tribe Matsing
66%
Merged Tribe Enil Edam
64%
Survivor: China Starting Tribe Fei Long
63%
Starting Tribe Moto
63%
Survivor: The Australian Outback Starting Tribe Ogakor
63%
Starting Tribe Saboga
63%
Starting Tribe Casaya
62%
Starting Tribe Timbira
62%
Starting Tribe Galu
59%
Survivor: Cagayan Starting Tribe/Dissolved Tribe Luzon
59%
Starting Tribe Tika
59%
Merged Tribe Balboa
58%
Survivor: Gabon Starting Tribe Fang
58%
Survivor: Nicaragua Starting Tribe La Flor
58%
Starting Tribe Lulu
58%
Survivor: Redemption Island Starting Tribe Ometepe
58%
Starting Tribe Tandang
58%
Merged Tribe Yin Yang
58%
Starting Tribe Aparri
57%
Merged Tribe Chaboga Mogo
57%
Merged Tribe Dabu
57%
Starting Tribe Rarotonga
57%
Survivor: Marquesas Starting Tribe Rotu
57%
Survivor: Thailand Starting Tribe Sook Jai
57%
Survivor: Micronesia Starting Tribe Airai
55%
Starting Tribe Aitutaki
55%
Starting Tribe Bayon
55%
Survivor: Africa Starting Tribe Boran
55%
Starting Tribe Maraamu
55%
Starting Tribe Samburu
55%
Starting Tribe Espada
54%
Starting Tribe Kota
54%
Starting Tribe Kucha
54%
Starting Tribe Malakal
54%
Merged Tribe Merica
54%
Merged Tribe Nobag
54%
Starting Tribe Ua
54%
Starting Tribe Zapatera
54%
Starting Tribe Solana
53%
Starting Tribe Yaxha
53%
Auxiliary Tribe Angkor
51%
Starting Tribe Chuay Gahn
51%
Survivor: Ghost Island Starting Tribe Malolo
51%
Survivor: One World Starting Tribe Manono
51%
Survivor: Fiji Starting Tribe Ravu
51%
Survivor: South Pacific Starting Tribe Upolu
51%
Merged Tribe Barramundi
50%
Merged Tribe Forza
50%
Starting Tribe Hunahpu
50%
Survivor: The Amazon Starting Tribe Jaburu
50%
Starting Tribe Kalabaw
50%
Starting Tribe La Mina
50%
Survivor: Guatemala Starting Tribe Nakum
50%
Merged Tribe Rattana
50%
Starting Tribe Tambaqui
50%
Starting Tribe Lopevi
49%
Starting Tribe Naviti
49%
Survivor 45 Starting Tribe Reba
49%
Merged Tribe Xhakum
49%
Survivor: Vanuatu Starting Tribe Yasur
49%
Starting Tribe Zhan Hu
49%
Starting Tribe Savaii
47%
Starting Tribe Tadhana
47%
Survivor: San Juan del Sur Starting Tribe Coyopa
46%
Starting Tribe Escameca
46%
Survivor: Cambodia Starting Tribe Ta Keo
46%
Survivor 46 Starting Tribe Yanu
46%
Starting Tribe Belo
45%
Starting Tribe Bikal
45%
Starting Tribe Coco
45%
Starting Tribe Mana
45%
Merged Tribe Aitutonga
43%
Survivor: Blood vs. Water Starting Tribe Galang
43%
Survivor: Edge of Extinction Starting Tribe Kama
43%
Merged Tribe Moto Maji
43%
Merged Tribe Murlonio
43%
Starting Tribe Sele
43%
Survivor 48 Starting Tribe Vula
43%
Survivor 43 Starting Tribe Baka
42%
Starting Tribe/Dissolved Tribe Bayoneta
42%
Merged Tribe Chuay Jai
42%
Merged Tribe Dangrayne
42%
Survivor: Caramoan Starting Tribe Gota
42%
Auxiliary Tribe Lesu
42%
Starting Tribe Manu
42%
Starting Tribe Salani
42%
Merged Tribe Solarrion
42%
Starting Tribe Civa
41%
Survivor 47 Starting Tribe Gata
41%
Merged Tribe Hae Da Fung
41%
Merged Tribe Huyopa
41%
Survivor 42 Starting Tribe Ika
41%
Starting Tribe Lavo
41%
Starting Tribe/Dissolved Tribe Puka Puka
41%
Merged Tribe Soliantu
41%
Survivor 41 Starting Tribe Yase
41%
Merged Tribe Aiga
39%
Merged Tribe Alinta
39%
Survivor: Winners at War Starting Tribe Dakal
39%
Survivor: Game Changers Starting Tribe Nuku
39%
Starting Tribe Jabeni
38%
Starting Tribe Luvu
38%
Starting Tribe Siga
38%
Starting Tribe Taku
38%
Merged Tribe Te Tuna
38%
Starting Tribe/Dissolved Tribe To Tang
38%
Merged Tribe Jacare
37%
Starting Tribe Lagi
37%
Starting Tribe Levu
37%
Starting Tribe Nami
37%
Starting Tribe Tuku
37%
Merged Tribe Gitanos
36%
Survivor: Cook Islands Starting Tribe/Dissolved Tribe Manihiki
36%
Starting Tribe Vesi
36%
Starting Tribe Vokai
36%
Merged Tribe Bula Bula
34%
Starting Tribe Chan Loh
34%
Starting Tribe Nagarote
34%
Survivor: Panama Starting Tribe/Dissolved Tribe Viveros
34%
Survivor: Kaoh Rong Starting Tribe Gondol
33%
Survivor: Millennials vs. Gen X Starting Tribe Vanua
33%
Auxiliary Tribe Ikabula
32%
Merged Tribe Orkun
32%
Starting Tribe Yawa
32%
Merged Tribe Beka
30%
Merged Tribe Koru
30%
Survivor: Island of the Idols Starting Tribe Lairo
30%
Merged Tribe Libertad
30%
Merged Tribe Nuinui
30%
Starting Tribe Soka
30%
Merged Tribe Dakuwaqa
29%
Merged Tribe Niu Nai
29%
Survivor 44 Starting Tribe Ratu
29%
Survivor: Heroes vs. Healers vs. Hustlers Starting Tribe Soko
29%
Merged Tribe Solewa
29%
Survivor: David vs. Goliath Starting Tribe Vuku
29%
Auxiliary Tribe Yara
29%
Merged Tribe Kasama
28%
Survivor: Worlds Apart Starting Tribe/Dissolved Tribe Masaya
28%
Auxiliary Tribe Tavua
28%
Starting Tribe Vati
28%
Merged Tribe Dara
26%
Merged Tribe Gaia
26%
Merged Tribe Maku Maku
26%
Auxiliary Tribe Tiva
26%
Merged Tribe Vinaka
26%
Merged Tribe Kalokalo
25%
Merged Tribe Tikiano
25%
Starting Tribe Takali
22%
Merged Tribe Va Va
22%
Auxiliary Tribe Yanuya
22%
Merged Tribe Lumuwaku
20%
Merged Tribe Vata
20%
Merged Tribe Viakana
20%
Merged Tribe Kula Kula
17%
Merged Tribe Lavita
17%
No matching quizzes found
Score Distribution
Percent of People with Each Score
Percentile by Number Answered
Your Score History
You have not taken this quiz since the last reset